<?xml version="1.0" encoding="UTF-8"?>
<record
    xmlns:xsi="http://www.w3.org/2001/XMLSchema-instance"
    xsi:schemaLocation="http://www.loc.gov/MARC21/slim http://www.loc.gov/standards/marcxml/schema/MARC21slim.xsd"
    xmlns="http://www.loc.gov/MARC21/slim">

  <leader>00538    a2200169   4500</leader>
  <controlfield tag="005">20250528145343.0</controlfield>
  <datafield tag="020" ind1=" " ind2=" ">
    <subfield code="a">0-471-4484-2</subfield>
  </datafield>
  <datafield tag="082" ind1=" " ind2=" ">
    <subfield code="a">LECT 657 WEY</subfield>
  </datafield>
  <datafield tag="100" ind1=" " ind2=" ">
    <subfield code="a">WEYGANDT, J. J</subfield>
  </datafield>
  <datafield tag="245" ind1=" " ind2=" ">
    <subfield code="a">Accounting Principles</subfield>
  </datafield>
  <datafield tag="250" ind1=" " ind2=" ">
    <subfield code="a">7th Ed. </subfield>
  </datafield>
  <datafield tag="260" ind1=" " ind2=" ">
    <subfield code="a">Danvers, </subfield>
    <subfield code="b">John Wiley &amp; Sons, Inc.</subfield>
    <subfield code="c">2005.</subfield>
  </datafield>
  <datafield tag="300" ind1=" " ind2=" ">
    <subfield code="a">xxxii, 1120p.: ill.; figure, graph, picture, table.</subfield>
    <subfield code="b">Index, </subfield>
    <subfield code="c">27cm.</subfield>
  </datafield>
  <datafield tag="700" ind1=" " ind2=" ">
    <subfield code="a">KIESO, D. E. &amp;  KIMMEL, P. D. </subfield>
  </datafield>
  <datafield tag="856" ind1=" " ind2=" ">
    <subfield code="y">Access online book</subfield>
    <subfield code="f">Accounting Principles</subfield>
    <subfield code="d">www.wiley.com/college/weygandt</subfield>
  </datafield>
  <datafield tag="942" ind1=" " ind2=" ">
    <subfield code="2">ddc</subfield>
    <subfield code="c">BKS</subfield>
  </datafield>
  <datafield tag="999" ind1=" " ind2=" ">
    <subfield code="c">2788</subfield>
    <subfield code="d">2788</subfield>
  </datafield>
  <datafield tag="952" ind1=" " ind2=" ">
    <subfield code="r">2025-05-28 14:55:03</subfield>
    <subfield code="l">0</subfield>
    <subfield code="o">LECT 657 WEY</subfield>
    <subfield code="p">00000010378</subfield>
    <subfield code="v">180000.00</subfield>
    <subfield code="w">2025-05-28</subfield>
    <subfield code="y">BKS</subfield>
    <subfield code="1">0</subfield>
    <subfield code="2">ddc</subfield>
    <subfield code="4">0</subfield>
    <subfield code="7">0</subfield>
    <subfield code="0">0</subfield>
    <subfield code="a">CBEML</subfield>
    <subfield code="b">CBEML</subfield>
    <subfield code="c">GEN</subfield>
    <subfield code="d">2014-11-28</subfield>
    <subfield code="g">60000.00</subfield>
  </datafield>
  <datafield tag="952" ind1=" " ind2=" ">
    <subfield code="r">2025-06-27 12:22:31</subfield>
    <subfield code="l">0</subfield>
    <subfield code="o">657.04ANT</subfield>
    <subfield code="p">DOM000384</subfield>
    <subfield code="v">180000.00</subfield>
    <subfield code="w">2025-06-27</subfield>
    <subfield code="y">BKS</subfield>
    <subfield code="1">0</subfield>
    <subfield code="2">ddc</subfield>
    <subfield code="4">0</subfield>
    <subfield code="7">0</subfield>
    <subfield code="0">0</subfield>
    <subfield code="a">004</subfield>
    <subfield code="b">004</subfield>
    <subfield code="c">GEN</subfield>
    <subfield code="d">2014-11-24</subfield>
    <subfield code="g">60000.00</subfield>
  </datafield>
  <datafield tag="952" ind1=" " ind2=" ">
    <subfield code="r">2025-06-27 14:13:57</subfield>
    <subfield code="l">0</subfield>
    <subfield code="o">657.044WEY</subfield>
    <subfield code="p">DOM000299</subfield>
    <subfield code="v">180000.00</subfield>
    <subfield code="w">2025-06-27</subfield>
    <subfield code="y">BKS</subfield>
    <subfield code="1">0</subfield>
    <subfield code="2">ddc</subfield>
    <subfield code="4">0</subfield>
    <subfield code="7">0</subfield>
    <subfield code="0">0</subfield>
    <subfield code="a">004</subfield>
    <subfield code="b">004</subfield>
    <subfield code="c">GEN</subfield>
    <subfield code="d">2014-11-28</subfield>
    <subfield code="g">60000.00</subfield>
  </datafield>
  <datafield tag="952" ind1=" " ind2=" ">
    <subfield code="r">2025-06-28 06:59:57</subfield>
    <subfield code="l">0</subfield>
    <subfield code="o">657044WEY</subfield>
    <subfield code="p">DOM000251</subfield>
    <subfield code="v">999999.99</subfield>
    <subfield code="w">2025-06-28</subfield>
    <subfield code="y">BKS</subfield>
    <subfield code="1">0</subfield>
    <subfield code="2">ddc</subfield>
    <subfield code="4">0</subfield>
    <subfield code="7">0</subfield>
    <subfield code="0">0</subfield>
    <subfield code="a">004</subfield>
    <subfield code="b">004</subfield>
    <subfield code="c">GEN</subfield>
    <subfield code="d">2014-11-28</subfield>
    <subfield code="g">60000.00</subfield>
  </datafield>
  <datafield tag="952" ind1=" " ind2=" ">
    <subfield code="r">2025-06-28 07:04:02</subfield>
    <subfield code="l">0</subfield>
    <subfield code="o">657.044WEY</subfield>
    <subfield code="p">DOM000473</subfield>
    <subfield code="v">999999.99</subfield>
    <subfield code="w">2025-06-28</subfield>
    <subfield code="y">BKS</subfield>
    <subfield code="1">0</subfield>
    <subfield code="2">ddc</subfield>
    <subfield code="4">0</subfield>
    <subfield code="7">0</subfield>
    <subfield code="0">0</subfield>
    <subfield code="a">004</subfield>
    <subfield code="b">004</subfield>
    <subfield code="c">GEN</subfield>
    <subfield code="d">2014-11-28</subfield>
    <subfield code="g">60000.00</subfield>
  </datafield>
  <datafield tag="952" ind1=" " ind2=" ">
    <subfield code="r">2025-06-29 15:12:41</subfield>
    <subfield code="l">0</subfield>
    <subfield code="o">657 FES</subfield>
    <subfield code="p">DOM000457</subfield>
    <subfield code="v">90000.00</subfield>
    <subfield code="w">2025-06-29</subfield>
    <subfield code="y">BKS</subfield>
    <subfield code="1">0</subfield>
    <subfield code="2">ddc</subfield>
    <subfield code="4">0</subfield>
    <subfield code="7">0</subfield>
    <subfield code="0">0</subfield>
    <subfield code="a">004</subfield>
    <subfield code="b">004</subfield>
    <subfield code="c">GEN</subfield>
    <subfield code="d">1992-10-29</subfield>
    <subfield code="g">30000.00</subfield>
  </datafield>
</record>
